Textbook on the Limitation Act: (Record no. 180742)

MARC details
000 -LEADER
fixed length control field 00584nam a22001937a 4500
005 - DATE AND TIME OF LATEST TRANSACTION
control field 20210817111542.0
010 ## - LCCN (DPL NO)
LC control number ENG-129870
020 ## - INTERNATIONAL STANDARD BOOK NUMBER
Terms of availability 396.00
International Standard Book Number 978-93-8999-102-4
035 ## - SYSTEM CONTROL NUMBER
System control number EN-113402
037 ## - SOURCE OF ACQUISITION
Source of stock number/acquisition DBAD/PUB
082 ## - DEWEY DECIMAL CLASSIFICATION NUMBER
Classification number 347.54052
100 ## - MAIN ENTRY--PERSONAL NAME
Personal name Gupta, Shri Niwas
245 ## - TITLE STATEMENT
Title Textbook on the Limitation Act:
Statement of responsibility, etc Shri Niwas Gupta
250 ## - EDITION STATEMENT
Edition statement 2020
260 ## - PUBLICATION, DISTRIBUTION, ETC. (IMPRINT)
Date of publication, distribution, etc 2020
Place of publication, distribution, etc Gurgaon
Name of publisher, distributor, etc Lexis Nexis
270 ## - ADDRESS
Address 14th floor, Building no. 10 Tower-B DLF cyber city Phase-2nd
City Gugaon
Postal code 122002
300 ## - PHYSICAL DESCRIPTION
Extent 403p.
Dimensions 23cm (pbk)
942 ## - ADDED ENTRY ELEMENTS (KOHA)
Source of classification or shelving scheme Dewey Decimal Classification
Item type English Books
Call number prefix GUP
Classification part 347.54052
Holdings
Withdrawn status Lost status Not for loan Collection code Home library Current library Date acquired Source of acquisition Cost, normal purchase price Full call number Barcode Copy number Cost, replacement price Koha item type
      Non-fiction Shahdara Branch Shahdara Branch 17/08/2021 DBAD/PUB 396.00 347.54052 EN-113402 1 396.00 English Books

© Delhi Public Library
Hit Counter
free hit counter